Modely komunikačných tokov v komunikačnom systéme nadnárodných finančných inštitúcií
Vnútropodnikové komunikačné toky dcérskych podnikov nadnárodných spoločností v SR v podstate kopírujú organizačnú štruktúru nadnárodnej spoločnosti. Tri základné modely vnútropodnikovej komunikácie: priamy (jednoduchý) model komunikačných tokov podnikovej komunikácie, kruhový model a nepriamy (centr...
Saved in:
| Main Author: | |
|---|---|
| Format: | Book Chapter |
| Language: | Slovak |
| Subjects: | |
| Tags: |
No Tags, Be the first to tag this record!
|
MARC
| LEADER | 00000naa$a2200000$$$4500 | ||
|---|---|---|---|
| 001 | 0239175 | ||
| 005 | 20240502073855.5 | ||
| 041 | 0 | |a slo | |
| 044 | |a SK | ||
| 245 | 1 | 0 | |a Modely komunikačných tokov v komunikačnom systéme nadnárodných finančných inštitúcií |c Miroslava Szarková |
| 520 | |a Vnútropodnikové komunikačné toky dcérskych podnikov nadnárodných spoločností v SR v podstate kopírujú organizačnú štruktúru nadnárodnej spoločnosti. Tri základné modely vnútropodnikovej komunikácie: priamy (jednoduchý) model komunikačných tokov podnikovej komunikácie, kruhový model a nepriamy (centralizovaný) model komunikačných tokov podnikovej komunikácie. | ||
| 610 | 2 | 0 | |a spoločnosti nadnárodné |
| 610 | 2 | 0 | |a podnik materský |
| 610 | 2 | 0 | |a podnik dcérsky |
| 610 | 2 | 0 | |a inštitúcie finančné |
| 610 | 2 | 0 | |a komunikácia |
| 610 | 2 | 0 | |a tok informácií |
| 100 | 1 | |a Szarková, Miroslava, 1951- | |